000 00519nam a2200145 i 4500
001 46675
003 ES-MaACL
007 t|
008 030331s1976 sp ||||1| spa d
111 2 _aCongreso de la Sociedad Española de Patología Respiratoria (
_n9º.
_d1976.
_cSevilla)
_9319
245 1 0 _aIX Congreso de la Sociedad Española de Patología Respiratoria
_b: Sevilla, 1976 : patología pleural.
260 _a[Madrid] :
_bLiade,
_c1976.
300 _a146 p. :
_bil. ;
_c24 cm.
852 _aES-MaACL
_jE-3398
_bR.94607
999 _c46675
_d46675